Catálogo

Preparación evangélica en el nuevo mundo y su primera cristianización : (Registro nro. 23769)

Detalles MARC
000 -LEADER
fixed length control field 01140cam a2200289 i 4500
001 - CONTROL NUMBER
control field 23769
003 - CONTROL NUMBER IDENTIFIER
control field Mx-PuUPA
005 - DATE AND TIME OF LATEST TRANSACTION
control field 20260126101550.0
008 - FIXED-LENGTH DATA ELEMENTS--GENERAL INFORMATION
fixed length control field 140415s2012 mx a gr 001 0 spa d
040 ## - CATALOGING SOURCE
Transcribing agency Mx-PuUPA
Original cataloging agency Mx-PuUPA
Language of cataloging spa
Modifying agency Mx-PuUPA
Description conventions rda
041 0# - LANGUAGE CODE
Language code of text/sound track or separate title spa
043 ## - GEOGRAPHIC AREA CODE
Geographic area code cl-----
100 1# - MAIN ENTRY--PERSONAL NAME
Personal name Espinoza Barbosa, José Armando‏,
Dates associated with a name 1937-
9 (RLIN) 15358
Relator term autor
245 10 - TITLE STATEMENT
Title Preparación evangélica en el nuevo mundo y su primera cristianización :
Remainder of title la preparación evangélica en el nuevo mundo hasta 1492 y desde 1493 su primera cristianización hasta 1644 /
Statement of responsibility, etc. José Armando Espinoza Barbosa
250 ## - EDITION STATEMENT
Edition statement Segunda edición /
Remainder of edition statement abril
264 #1 - PRODUCTION, PUBLICATION, DISTRIBUTION, MANUFACTURE, AND COPYRIGHT NOTICE
Place of production, publication, distribution, manufacture Ciudad de México :
Name of producer, publisher, distributor, manufacturer Seminario Mexicano para las Misiones Extranjeras,
Date of production, publication, distribution, manufacture, or copyright notice 2012
300 ## - PHYSICAL DESCRIPTION
Extent 262 páginas :
Other physical details ilustraciones (a color) ;
Dimensions 24 cm
336 ## - CONTENT TYPE
Fuente rdacontent
Content type term texto
Content type code txt
337 ## - MEDIA TYPE
Source rdamedia
Media type term sin medio
Media type code n
338 ## - CARRIER TYPE
Source rdacarrier
Carrier type term volumen
Carrier type code nc
650 #7 - SUBJECT ADDED ENTRY--TOPICAL TERM
Source of heading or term armarc
Topical term or geographic name entry element Evangelización
Geographic subdivision América
650 #7 - SUBJECT ADDED ENTRY--TOPICAL TERM
Source of heading or term armarc
Topical term or geographic name entry element Misiones
651 ## - SUBJECT ADDED ENTRY--GEOGRAPHIC NAME
Geographic name América
General subdivision Evangelismo
942 ## - ADDED ENTRY ELEMENTS (KOHA)
Source of classification or shelving scheme Dewey Decimal Classification
Koha item type Libro
Classification part 266.0097
Item part E77
Existencias
Withdrawn status Lost status Source of classification or shelving scheme Damaged status Not for loan Collection code Home library Current library Shelving location Date acquired Total Checkouts Full call number Barcode Date last seen Price effective from Koha item type
    Dewey Decimal Classification     General Centro de Estudios Guadalupanos Centro de Estudios Guadalupanos Sala general 24/01/2026   266.0097 E77 2012 93275 24/01/2026 24/01/2026 Libro